|
|
|
|
| LEADER |
00000cam a22000001i 4500 |
| 001 |
JSTOR_on1202839907 |
| 003 |
OCoLC |
| 005 |
20231005004200.0 |
| 006 |
m d |
| 007 |
cr ||||||||||| |
| 008 |
200912s2020 enk o 000 0 eng d |
| 040 |
|
|
|a UKMGB
|b eng
|e rda
|e pn
|c UKMGB
|d OCLCO
|d OCLCF
|d JSTOR
|d SFB
|d OCLCO
|d N$T
|d OCLCQ
|
| 015 |
|
|
|a GBC0E0147
|2 bnb
|
| 016 |
7 |
|
|a 019939263
|2 Uk
|
| 019 |
|
|
|a 1202992475
|
| 020 |
|
|
|a 1789697360
|
| 020 |
|
|
|a 9781789697360
|q (electronic bk.)
|
| 020 |
|
|
|z 9781789697353 (pbk.)
|
| 029 |
0 |
|
|a UKMGB
|b 019939263
|
| 029 |
1 |
|
|a AU@
|b 000068026222
|
| 035 |
|
|
|a (OCoLC)1202839907
|z (OCoLC)1202992475
|
| 037 |
|
|
|a 9781789697360
|b Archaeopress Publishing
|
| 037 |
|
|
|a 22573/ctv16f6gjz
|b JSTOR
|
| 050 |
|
4 |
|a HD7288.78.G7
|
| 072 |
|
7 |
|a SOC
|x 026030
|2 bisacsh
|
| 082 |
0 |
4 |
|a 363.585094257409041
|2 23
|
| 049 |
|
|
|a UAMI
|
| 100 |
1 |
|
|a Graham, Malcolm,
|d 1948-
|e author.
|
| 245 |
1 |
0 |
|a Wholesome dwellings :
|b housing need in oxford and the municipal response, 1800-1939 /
|c Malcolm Graham.
|
| 264 |
|
1 |
|a Oxford :
|b Archaeopress Archaeology,
|c 2020.
|
| 300 |
|
|
|a 1 online resource
|
| 336 |
|
|
|a text
|2 rdacontent
|
| 337 |
|
|
|a computer
|2 rdamedia
|
| 338 |
|
|
|a online resource
|2 rdacarrier
|
| 505 |
0 |
|
|a Author's Preface ; Chapter 1 The nineteenth century background ; Chapter 2 Towards municipal housing ; Chapter 3 The Addison Act and Oxford ; Chapter 4 Building for General Needs ; Chapter 5 Building for Slum Clearance and Overcrowding ; Chapter 6 Municipal Housing or Private Enterprise ; Chapter 7 Landlord and Tenants ; Chapter 8 Residential Segregation and the Cutteslowe Walls ; Conclusion ; Bibliography ; Index.
|
| 588 |
|
|
|a Description based on CIP data; resource not viewed.
|
| 590 |
|
|
|a JSTOR
|b Books at JSTOR Demand Driven Acquisitions (DDA)
|
| 590 |
|
|
|a JSTOR
|b Books at JSTOR All Purchased
|
| 650 |
|
0 |
|a Public housing
|z England
|z Oxford
|x History
|y 20th century.
|
| 651 |
|
0 |
|a Oxford (England)
|x Social conditions
|y 20th century.
|
| 650 |
|
6 |
|a Logement social
|z Angleterre
|z Oxford
|x Histoire
|y 20e siècle.
|
| 650 |
|
7 |
|a SOCIAL SCIENCE / Sociology / Urban
|2 bisacsh
|
| 650 |
|
7 |
|a Public housing.
|2 fast
|0 (OCoLC)fst01082447
|
| 650 |
|
7 |
|a Social conditions.
|2 fast
|0 (OCoLC)fst01919811
|
| 651 |
|
7 |
|a England
|z Oxford.
|2 fast
|0 (OCoLC)fst01205511
|
| 648 |
|
7 |
|a 1900-1999
|2 fast
|
| 655 |
|
7 |
|a History.
|2 fast
|0 (OCoLC)fst01411628
|
| 776 |
0 |
8 |
|i Print version:
|z 9781789697353
|
| 856 |
4 |
0 |
|u https://jstor.uam.elogim.com/stable/10.2307/j.ctv16gff2s
|z Texto completo
|
| 938 |
|
|
|a EBSCOhost
|b EBSC
|n 2618339
|
| 994 |
|
|
|a 92
|b IZTAP
|